| 000 | 01624ccm a2200349 a 4500 | ||
|---|---|---|---|
| 001 | 14653266 | ||
| 003 | OSt | ||
| 005 | 20140310181636.0 | ||
| 008 | 061201s2004 ilucra| i n | eng d | ||
| 010 | _a 2006563818 | ||
| 020 | _a140220325X | ||
| 035 | _a(OCoLC)ocm56820880 | ||
| 035 | _a(OCoLC)56820880 | ||
| 040 |
_aORX _cORX _dSPP _dOCLCQ _dCPL _dBAKER _dDLC |
||
| 042 | _alccopycat | ||
| 050 | 0 | 0 |
_aM 2065 _b.C555 2004 |
| 082 |
_aTR 782.281 _bC46 2004 |
||
| 245 | 0 | 0 |
_aChristmas favorites : _byour favorite holiday music in words, pictures, and audio. |
| 260 |
_aNaperville, Ill. : _bSourcebooks MediaFusion, _cc2004. |
||
| 300 |
_a1 score (xiii, 95 p.) : _bcol. ill. ; _c21 cm. + _e1 sound disc (digital ; 4 3/4 in.) |
||
| 500 | _aFor voice and piano, principally with chord symbols and guitar chord diagrams. | ||
| 505 | 0 | 0 |
_tDeck the halls -- _tJingle bells -- _tGood King Wenceslas -- _tFor unto us a child is born -- _tThe holly and the ivy -- _tSanta Claus is comin' to town -- _tRudolph the red-nosed reindeer -- _tAway in a manger -- _tJoy to the world -- _tLo, how a rose e'er blooming -- _tThe first Nowell -- _tHallelujah! -- _tWhat child is this? -- _tHark! The herald angels sing -- _tSilent night -- _tO Tannenbaum -- _tSleigh ride. |
| 521 | _aFaculty | ||
| 541 | _j1 | ||
| 562 | _eFor circulation. One copy available in the collection | ||
| 650 | 0 |
_aChristmas music. _91493 |
|
| 650 | 0 |
_aCarols. _91494 |
|
| 650 | 0 |
_aChristmas music _xHistory and criticism. _91495 |
|
| 906 |
_a7 _bcbc _ccopycat _d2 _encip _f20 _gy-genmusic |
||
| 942 |
_2lcc _cBK-TR _kTR |
||
| 999 |
_c688 _d688 |
||